000 01524nam a22003857a 4500
001 BRCA_9244
003 FranzMayer
005 20230717125759.0
008 230710b |||||||| |||| 00| 0 eng d
020 _a9786073063609
040 _cMFM
_besp
041 _aesp
050 0 _aNK.1396.A76
_bU53 2022
110 1 _aUNAM
_bMUAC
_928602
240 1 _aUna modernidad hecha a mano: Diseño artesanal en México 1952-2022
_lspa, eng
245 0 _aUna modernidad hecha a mano
_bDiseño artesanal en México 1952-2022
246 0 1 _aA Handmade Modernism
_bArtesanal Design in Mexico, 1952-2022
260 _aCDMX, México
_bUNAM
_c2022
300 _a256 p
_bFotografias
_c28 cm
500 _aL60/N5
505 0 _aPublicado también como: A Handmade Modernism: Artisanal Design in Meixco, 1952-2022Destinado a: Artistas, diseñadores, historiadores, investigadores, museógrafos Texto en: Español, inglésIncluye índice temáticoIncluye lista de obras
610 1 _aUNAM
_bMUAC
_928603
650 1 0 _2Artes decorativas-México-Historia
651 1 _2Arte-México
_aMéxico
_y1952-2022
_928604
662 _2Arte
_aMéxico
700 1 _4Ed.
_aMallet, Ana Elena
_928605
700 1 _4Dis.
_aPaoli, Christina
_928606
700 1 _4Ed.
_aMedina, Cuauhtémoc
_928607
700 1 _4Ens.
_aDorotinsky, Deborah
_928608
700 1 _aEns.
_dF. Rivas, Jorge
_928609
700 1 _4Dir ed
_aLópez Garcia, Vanessa
_928610
700 1 _4tr.
_aFraga, Christopher
_928611
710 1 _aUNAM
_bMUAC
_928602
942 _2lcc
_cB
999 _c10863
_d10863